000 00725cam a2200205 a 4500
020 _a0914845772 :
082 0 0 _a005.446
_bDUN
_cD
100 1 _aDuncan, Ray,
_936835
245 1 0 _aAdvanced MS-DOS programming :
_bthe Microsoft guide for Assembly language and C programmers /
_cRay Duncan.
260 _aRedmond, Wash. :
_bMicrosoft Press,
_c1988.
300 _axii, 468 p. :
_bill. ;
_c24 cm.
500 _aIncludes index.
526 _a0
_b0
_c0
_d005_446000000000000_DUN
526 _a0
_b0
_c0
_d005_446000000000000_DUN
526 _a0
_b0
_c0
_d005_446000000000000_DUN
650 0 _aAssembly languages (Electronic computers)
_918482
650 0 _aC (Computer program language)
_91226
650 0 _aMCE
_9379
942 _2ddc
_cBK
999 _c541789
_d541789